[Event "3rd CNE NED-ch Men Rapid 2017"]
[Site "Amstelveen"]
[Date "2017.12.03"]
[Round "7"]
[White "Van den Doel, Erik"]
[Black "Sokolov, Ivan"]
[Result "1/2-1/2"]
[WhiteElo "2589"]
[BlackElo "2589"]
[Annotator "TA"]
[PlyCount "107"]
[EventDate "2017.??.??"]
[EventType "tourn"]
[EventCountry "NED"]
[SourceTitle "playchess.com"]
[Source "ChessBase"]
[SourceQuality "1"]

{[%evp 13,107,3,5,0,30,10,25,12,20,23,43,49,37,43,49,35,36,37,40,38,73,89,78,31,42,42,37,26,28,23,21,33,47,57,43,-39,-39,-39,-39,-51,-51,-51,-51,-52,-34,-34,-33,-39,-34,-39,-27,-34,-20,-27,-20,-34,-27,-27,-27,-34,-27,-34,-27,-51,-51,-51,-51,-51,-51,-51,-51,-51,-51,-51,-8,-51,-51,-51,-51,-51,-51,-51,-51,-51,-51,-51,-51,-51,-51,-51,-51,-51,-51,-52,-8,-8]} 1. d4 Nf6 2. Nf3 g6 3. Bg5 Bg7 4. Nbd2 d5 5. e3 O-O 6. Be2 c5 7. c3 Nbd7 {LiveBook: 94 Games. D03: 1 d4 d5 2 Nf3 Nf6 3 Bg5, including Torre Attack with early ...d5} (7... b6 8. O-O Nc6 9. h3 Bb7 10. Qb1 a5 11. Rd1 e6 12. a4 Qc8 13. Bb5 Na7 14. Bf1 Nc6 15. Qa2 Ba6 16. Bxa6 Qxa6 17. Rac1 cxd4 18. exd4 {½-½ (45) Kramnik,V (2808)-Tomashevsky,E (2731) Moscow 2016}) 8. a4 {[%cal Ba2a4,Ba4a5][%mdl 32]} b6 9. a5 Bb7 10. Qa4 $146 {Black should prevent a6.} ({Predecessor:} 10. O-O Re8 11. a6 Bc6 12. b4 Rc8 13. Bf4 Ne4 14. Rc1 c4 15. Qc2 b5 16. Ne5 Nd6 17. Bf3 Ba8 18. Bg4 {0-1 (74) Shvyrjov,I (2470)-Belenkaya,D (2200) Tallinn 2013}) 10... Rc8 11. O-O Ne4 12. Nxe4 dxe4 13. Nd2 cxd4 14. cxd4 h6 15. Bh4 g5 16. Bg3 Nc5 17. Qd1 {[#] And now axb6 would win.} Nd3 18. Nxe4 (18. axb6 {is interesting.} Qxb6 19. Nxe4 Nxb2 20. Qb1 Na4 21. Rxa4 Qxb1 22. Rxb1 Bxe4 23. Rba1) 18... Nxb2 19. Qb1 {axb6 is the strong threat.} Nc4 20. Bxc4 Rxc4 21. axb6 Qxb6 22. Nc5 {[#] Threatens to win with Qxb6.} Rxc5 23. Qxb6 $1 axb6 24. dxc5 ({Better is} 24. Ra7 $14 Bxg2 25. dxc5 (25. Kxg2 Rc2 $14) 25... Bxf1 26. cxb6) 24... Bxa1 $15 25. Rxa1 bxc5 $14 {[%mdl 4096] Endgame KRB-KRB} 26. Ra7 Ra8 27. Rxa8+ Bxa8 $15 {KB-KB} 28. f3 $1 f6 29. e4 e5 30. Be1 Bc6 31. Kf2 Kf7 32. g4 Ke6 33. Ke3 Bb5 34. Ba5 Bf1 35. Kf2 Bd3 36. Ke3 c4 37. Bb4 Kf7 38. Kd2 Kg6 39. Be7 Bf1 40. Ke1 Bh3 41. Bb4 h5 42. gxh5+ Kxh5 43. Kf2 Kh4 44. Be1 g4 45. Bb4 gxf3 46. Kxf3 Bg4+ 47. Ke3 Bh5 48. Be7 Kg5 $1 49. Bb4 Be8 50. Bc3 Bc6 51. Bb4 Bb7 52. Bc3 Kg4 53. Bb4 Kh3 54. Be7 {Precision: White = 69%, Black = 50%.} 1/2-1/2

[Event "3rd CNE NED-ch Men Rapid 2017"]
[Site "Amstelveen"]
[Date "2017.12.03"]
[Round "7"]
[White "Timman, Jan H"]
[Black "Smeets, Jan"]
[Result "1-0"]
[WhiteElo "2562"]
[BlackElo "2608"]
[Annotator "TA"]
[PlyCount "85"]
[EventDate "2017.??.??"]
[EventType "tourn"]
[EventCountry "NED"]
[SourceTitle "playchess.com"]
[Source "ChessBase"]
[SourceQuality "1"]

{[%evp 14,85,70,40,72,43,118,75,81,72,60,67,75,31,78,-20,-14,-20,30,-11,0,-11,25,-8,22,11,9,4,25,0,0,-6,91,92,105,93,127,126,141,128,129,139,149,144,167,162,162,101,113,115,118,112,288,273,292,287,282,272,302,229,293,222,268,266,338,338,367,291,277,258,315,302,320,316]} 1. e4 c5 2. Nf3 e6 3. d4 cxd4 4. Nxd4 a6 5. Nc3 b5 6. Bd3 Bc5 {B43: Sicilian: Kan Variation: 5 Nc3} (6... Ne7 7. O-O Nec6 8. Nxc6 Nxc6 9. f4 Bb7 10. Be3 Be7 11. Qh5 O-O 12. Rf3 g6 13. Qh6 f5 14. exf5 exf5 15. Nd5 Rf7 16. Bb6 Qf8 17. Qxf8+ Bxf8 18. Re3 Nd8 {½-½ (50) Dubov,D (2666)-Artemiev,V (2692) Sochi 2017}) 7. Nb3 Be7 8. Qg4 {LiveBook: 15 Games} Bf6 {White is slightly better.} 9. Qg3 $146 {aiming for e5.} ({Predecessor:} 9. Bf4 d6 10. Qg3 e5 11. Be3 Ne7 12. Rd1 Be6 13. a4 b4 14. Ne2 {½-½ (51) Wall,M (1889)-Mueller,P (1994) Berlin 2005}) 9... Nc6 (9... d6 $14) 10. Be3 Nge7 11. O-O d6 12. Rad1 O-O 13. f4 {And now e5! would win.} e5 {[#]} 14. Kh1 (14. f5 $1 $16) 14... exf4 $11 15. Bxf4 Be5 16. a4 bxa4 17. Nxa4 Be6 18. Be2 (18. Bxe5 {keeps more tension.} Nxe5 19. Nd4 Bd7 20. Nc3 Qc7 21. Nce2) 18... Qc7 19. Bxe5 Nxe5 {[%cal Bc6e5,Be5g4,Bg4e3][%mdl 32]} 20. Nd4 $40 {[%mdl 128] White mounts an attack.} Bd7 21. Qa3 Rfd8 22. Nc3 Qb6 {[#]} (22... h6 $11) 23. Nf3 $1 $16 {[%cal Rf3e5]} Ng4 24. Qxd6 Qxd6 25. Rxd6 Ne3 26. Rc1 a5 27. Kg1 {Rd3 is the strong threat.} Be6 28. Rd3 Ng4 29. h3 Nf6 30. e5 ({White should try} 30. Rxd8+ $18 Rxd8 31. Bb5) 30... Rxd3 31. Bxd3 Nd7 32. Ra1 Nc6 $2 (32... h6 $16 {might work better.} 33. Be4 Rb8 34. Rxa5 Rxb2) 33. Be4 $18 Rc8 34. Bxc6 $1 Rxc6 35. Rxa5 h6 36. Kf2 Rb6 37. Rb5 Ra6 38. Ne4 Bf5 39. Ke3 Ra1 40. Kf4 Be6 {White has a decisive advantage.} 41. Nc5 Bc4 42. Rb4 Nxc5 43. Rxc4 {Precision: White = 61%, Black = 37%.} 1-0